La Clase obrera y la política exterior /
Salvato in:
| Autore principale: | |
|---|---|
| Natura: | testo |
| Tags: |
Aggiungi Tag
Nessun Tag, puoi essere il primo ad aggiungerne!!
|
MARC
| LEADER | 00000 a a2200000 04500 | ||
|---|---|---|---|
| 001 | 641 | ||
| 003 | |||
| 040 | |||
| 100 | |a Yankovlev, Piotr | ||
| 245 | |a La Clase obrera y la política exterior / |c Piotr Yankovlev | ||
| 773 | |g número 3; páginas 4-22 | ||
| 999 | |c 37082 |d 37082 | ||
